Microbiology for Dental Students with 555 MCQs (Record no. 20902)
[ view plain ]
| 000 -LEADER | |
|---|---|
| fixed length control field | 00382nam a22001577a 4500 |
| 003 - CONTROL NUMBER IDENTIFIER | |
| control field | SGT |
| 020 ## - INTERNATIONAL STANDARD BOOK NUMBER | |
| International Standard Book Number | 9789386691422 |
| 082 ## - DEWEY DECIMAL CLASSIFICATION NUMBER | |
| Classification number | 616.01 |
| Item number | M17N |
| 100 ## - MAIN ENTRY--PERSONAL NAME | |
| Personal name | Nagoba BS |
| 245 ## - TITLE STATEMENT | |
| Title | Microbiology for Dental Students with 555 MCQs |
| 250 ## - EDITION STATEMENT | |
| Edition statement | 3RD |
| 260 ## - PUBLICATION, DISTRIBUTION, ETC. (IMPRINT) | |
| Place of publication, distribution, etc | NEW DELHI |
| Name of publisher, distributor, etc | Wolters Kluwer India Pvt Ltd |
| Year of Publication | 2017 |
| 300 ## - PAGE DESCRIPTION | |
| No. of Pages | 1-428 |
| 650 ## - SUBJECT ADDED ENTRY--TOPICAL TERM | |
| Topical term or geographic name as entry element | Microbiology |
| 942 ## - ADDED ENTRY ELEMENTS (KOHA) | |
| Source of classification or shelving scheme | Dewey Decimal Classification |
| Koha item type | Books |
| 942 ## - ADDED ENTRY ELEMENTS (KOHA) | |
| -- | 1 |
| Withdrawn status | Lost status | Source of classification or shelving scheme | Damaged status | Not for loan | Home library | Current library | Shelving location | Date acquired | Vendor Name | Cost, normal purchase price | SGTU | Bill Number | Total Checkouts | Full call number | Accession No. (Barcode) | Date last seen | Date last borrowed | Bill Date | Koha item type |
|---|---|---|---|---|---|---|---|---|---|---|---|---|---|---|---|---|---|---|---|
| Dewey Decimal Classification | SGT Dental Library | SGT Dental Library | Text Book | 05/03/2021 | AHUJA BOOK COMPANY | 799.00 | SGTU | 12616 | 1 | 616.01 M17N | FD8275 | 17/04/2024 | 28/03/2024 | 27/01/2021 | Books |